Lodine Deficiency Sisorders Among School Children in the New Valley / (رقم التسجيلة. 179480)
[ عرض عادي ]
| 000 -LEADER | |
|---|---|
| fixed length control field | 01400namaa22003251i 4500 |
| 005 - أخر تعامل مع التسجيلة | |
| control field | 20260414130411.0 |
| 008 - FIXED-LENGTH DATA ELEMENTS--GENERAL INFORMATION | |
| fixed length control field | 260414s1995 ua ||||frm||| 000 0 eng d |
| 040 ## - CATALOGING SOURCE | |
| Original cataloguing agency | EG-GICUC |
| Language of cataloging | eng |
| Transcribing agency | EG-GICUC |
| Modifying agency | EG-GICUC |
| Description conventions | rda |
| 041 0# - LANGUAGE CODE | |
| Language code of text/sound track or separate title | eng |
| Language code of summary or abstract | eng |
| -- | ara |
| 049 ## - Acquisition Source | |
| Acquisition Source | Deposit |
| 097 ## - Degree | |
| Degree | M.Sc |
| 099 ## - LOCAL FREE-TEXT CALL NUMBER (OCLC) | |
| Local Call Number | Cai01.11.08.M.Sc.1995.Ta.I |
| 100 0# - MAIN ENTRY--PERSONAL NAME | |
| Authority record control number or standard number | Tarek Mohamed Tawfeek Amin, |
| Preparation | preparation. |
| 245 10 - TITLE STATEMENT | |
| Title | Lodine Deficiency Sisorders Among School Children in the New Valley / |
| Statement of responsibility, etc. | By Tarek Mohamed Tawfeek Amin ; Supervised Prof. Dr. Mahasen Abd El- Fattah, Prof. Dr. Mervat El Rafie, Dr. Monira Mahmod El Kholy |
| 246 15 - VARYING FORM OF TITLE | |
| Title proper/short title | اضطرابات نقص اليود بين اطفال المدارس في الوادي الجديد |
| 264 #0 - PRODUCTION, PUBLICATION, DISTRIBUTION, MANUFACTURE, AND COPYRIGHT NOTICE | |
| Date of production, publication, distribution, manufacture, or copyright notice | 1995. |
| 300 ## - PHYSICAL DESCRIPTION | |
| Extent | 141 Leaves |
| Other physical details | illustrations |
| Dimensions | 30 cm. + |
| 336 ## - CONTENT TYPE | |
| Source | rda content |
| Content type term | text |
| 337 ## - MEDIA TYPE | |
| Source | rdamedia |
| Media type term | Unmediated |
| 338 ## - CARRIER TYPE | |
| Source | rdacarrier |
| Carrier type term | volume |
| 502 ## - DISSERTATION NOTE | |
| Dissertation note | Thesis (M.Sc.)-Cairo University, 1995 |
| 504 ## - BIBLIOGRAPHY, ETC. NOTE | |
| Bibliography, etc. note | Bibliography: pages 129-141 |
| 653 #0 - INDEX TERM--UNCONTROLLED | |
| Uncontrolled term | Lodine Deficiency Sisorders |
| 700 0# - ADDED ENTRY--PERSONAL NAME | |
| Personal name | Mahasen Abd El- Fattah |
| Relator term | thesis advisor. |
| 700 0# - ADDED ENTRY--PERSONAL NAME | |
| Personal name | Mervat El Rafie |
| Relator term | thesis advisor. |
| 700 0# - ADDED ENTRY--PERSONAL NAME | |
| Personal name | Monira Mahmod El Kholy |
| Relator term | thesis advisor. |
| 900 ## - Thesis Information | |
| Department | Department of Community Medicine |
| Faculties | Faculty of Medicine |
| Universities | Cairo University |
| Grant date | 1995 |
| Supervisory body | Mahasen Abd El- Fattah |
| -- | Mervat El Rafie |
| -- | Monira Mahmod El Kholy |
| 905 ## - Cataloger and Reviser Names | |
| Cataloger Name | Nehad |
| 942 ## - ADDED ENTRY ELEMENTS (KOHA) | |
| Source of classification or shelving scheme | Dewey Decimal Classification |
| Koha item type | Thesis |
| Edition | 21 |
| Suppress in OPAC | No |
| Source of classification or shelving scheme | Home library | Current library | Date acquired | Inventory number | Full call number | Barcode | Date last seen | Effective from | Koha item type |
|---|---|---|---|---|---|---|---|---|---|
| Dewey Decimal Classification | المكتبة المركزبة الجديدة - جامعة القاهرة | مكتبة المئوية | 14.04.2026 | 26941 | Cai01.11.08.M.Sc.1995.Ta.I | 01010110026941000 | 14.04.2026 | 14.04.2026 | Thesis |